Čechomor : Českomoravská hudební společnost

Korporativní autor: Čechomor (hudební skupina)
Další autoři: Holas, Karel, 1961-, Černý, František, 1957-
Jazyk: Čeština
Vydáno: [Praha] : Venkow Records :Universal Music Company, [2000]
Témata:
Fyzický popis: 1 CD audio ; 12 cm
Zvukové nahrávky
Uloženo v:
LEADER 02051njm a2200481 i 4500
001 001778181
003 CZ BrMZK
005 20201210103948.0
007 sd fungnnmmned
008 201127t20002000xr fmnng n cze
015 |a cnb003254853 
024 1 |a 044001316821 
028 0 1 |a 013 168 - 2  |b Venkow Records 
028 0 3 |a 013 168 -2  |b Venkow Records 
040 |a BOA001  |b cze  |e rda 
072 7 |a 784  |x Vokální hudba  |2 Konspekt  |9 9 
080 |a 784.4.088  |2 MRF 
080 |a (086.76)  |2 MRF 
245 0 0 |a Čechomor :  |b Českomoravská hudební společnost 
246 3 0 |a Českomoravská hudební společnost 
264 1 |a [Praha] :  |b Venkow Records :  |b Universal Music Company,  |c [2000] 
264 4 |c ℗2000 
300 |a 1 CD audio ;  |c 12 cm 
336 |a hraná hudba  |b prm  |2 rdacontent 
337 |a audio  |b s  |2 rdamedia 
338 |a audiodisk  |b sd  |2 rdacarrier 
344 |a digital  |b optical  |2 rda 
347 |a audio soubor  |b CD audio  |2 rda 
500 |a Název z disku 
500 |a Úprava lidových písní Karel Holas, František Černý a další 
500 |a Fonogram Venkow Records 
500 |a Texty písní (6 stran) v pouzdře 
505 0 0 |t Zalinský --  |t Až já půjdu, povandruju --  |t Michálek --  |t Hruška --  |t Větříček --  |t Zabitec --  |t Proměny --  |t Gorale --  |t Súsedovi koně --  |t Velické zvony --  |t Ach, Bože z nebe --  |t Na Vsetíně --  |t Slunéčko --  |t Pivničková --  |t Vyšly ryby --  |g Bonus.  |t Větříček  |g (remix) --  |t Gorale  |g (remix) --  |t Vondráši, Matóši  |g (koleda, autor remixu Dogwalker) 
511 1 |a Čechomor a hosté 
650 0 7 |a lidové písně, úpravy  |7 ph320413  |2 czenas 
655 7 |a kompaktní disky  |7 fd201991  |2 czenas 
700 1 |a Holas, Karel,  |d 1961-  |7 jx20050503023  |4 arr  |4 itr  |4 sng 
700 1 |a Černý, František,  |d 1957-  |7 xx0010741  |4 arr  |4 itr  |4 sng 
710 2 |a Čechomor (hudební skupina)  |7 ko2002150044  |4 prf 
910 |a BOA001  |b CDR-1457.282 
990 |a AV 
991 |b 202012 
996 6 |b 2610847400  |c CDR-1457.282  |l MZK  |r Sklad / do 24 hodin  |n 0  |p p.v.  |w 001836250  |u 000010  |a 1  |e BOA001  |j MZK50  |s P